Meilleurs sons de Soso Maness - Statistiques

Statistiques générales
  • Ce quiz a été pris 177 fois
  • Le résultat moyen est 4 sur 10
Statistiques - réponses
Rang sosoTitres Streams % Correct
2 Petrouchka (ft. PLK) 125,0M
86%
1 Bande organisée (ft. SCH, Kofs, Elams, Jul, Naps, Solda, Houari) 278,0M
82%
4 So Maness 52,3M
76%
10 TP 11,8M
45%
3 Le classico organisé (ft. Koba LaD, PLK, SCH, Gazo, Jul, Naps, Guy2bezbar, Kofs) 70,7M
36%
7 Les derniers marioles (ft. SCH) 16,8M
31%
8 Puta Madre (ft. Jul) 15,0M
23%
9 Zodiaque (ft. DA Uzi) 11,8M
15%
5 Allez nique ta mère (ft. Lacrim) 22,4M
9%
6 Les galactiques (ft. Rhoff, Kaaris Jul, Naps, GIMS, Alonzo) 18,1M
4%
Aucun quiz correspondant
Distribution des résultats
% des personnes avec chaque résultat
Percentile par nombre de réponses
Votre historique - résultats
Vous n’avez pas pris ce quiz